00445nam a2200193Ia 4500008004100000020001800041050001400059100001600073245001500089245002900104245001900133260001500152260001600167260000900183300001400192300002700206300001000233500000800243170918s9999 xx 000 0 und d a9780439664721 bP855 2002 aPosada, Mia aLadybugs : bred, fiery, and bright / cby Mia Posada. aNew York : bScholastic, c2002 aunpaged : bcolored illustration ; c22cm. a670